Electronic devices and circuits. (Record no. 162025)
[ view plain ]
| 000 -LEADER | |
|---|---|
| fixed length control field | 00527nam a2200193Ia 4500 |
| 003 - CONTROL NUMBER IDENTIFIER | |
| control field | OSt |
| 005 - DATE AND TIME OF LATEST TRANSACTION | |
| control field | 20230615162526.0 |
| 008 - FIXED-LENGTH DATA ELEMENTS--GENERAL INFORMATION | |
| fixed length control field | 210423s2012 xx 000 0 und d |
| 040 ## - CATALOGING SOURCE | |
| Transcribing agency | AL |
| 082 ## - DEWEY DECIMAL CLASSIFICATION NUMBER | |
| Classification number | 621.38132 KAKS |
| Edition number | 23 |
| 100 ## - MAIN ENTRY--PERSONAL NAME | |
| Personal name | KAKANI (S L);BHANDARI (K C). |
| 9 (RLIN) | 97625 |
| 245 ## - TITLE STATEMENT | |
| Title | Electronic devices and circuits. |
| 260 ## - PUBLICATION, DISTRIBUTION, ETC. | |
| Place of publication, distribution, etc. | New Delhi |
| Name of publisher, distributor, etc. | Viva Books Pvt Ltd |
| Date of publication, distribution, etc. | 2012 |
| 300 ## - PHYSICAL DESCRIPTION | |
| Extent | xxviii,1106 |
| Other physical details | PB |
| 365 ## - TRADE PRICE | |
| Price amount | 795 |
| Currency code | INR |
| 650 ## - SUBJECT ADDED ENTRY--TOPICAL TERM | |
| Topical term or geographic name entry element | Electronics |
| 9 (RLIN) | 97626 |
| 906 ## - LOCAL DATA ELEMENT F, LDF (RLIN) | |
| a | circuits. ; devices ; Electronic |
| 942 ## - ADDED ENTRY ELEMENTS (KOHA) | |
| Source of classification or shelving scheme | Dewey Decimal Classification |
| Koha item type | Book |
| Withdrawn status | Lost status | Damaged status | Not for loan | Collection code | Home library | Current library | Date acquired | Source of acquisition | Cost, normal purchase price | Total Checkouts | Full call number | Barcode | Date last seen | Date last checked out | Price effective from | Koha item type |
|---|---|---|---|---|---|---|---|---|---|---|---|---|---|---|---|---|
| Physics | St Aloysius PG Library | St Aloysius PG Library | 09/17/2012 | Intact Bookhouse | 795.00 | 1 | 621.38132 KAKS | PG008518 | 10/12/2023 | 10/07/2023 | 04/26/2021 | Book | ||||
| Physics | St Aloysius PG Library | St Aloysius PG Library | 09/17/2012 | Intact Bookhouse | 795.00 | 2 | 621.38132 KAKS | PG008519 | 08/29/2024 | 08/21/2024 | 04/26/2021 | Book |